00750nam a2200181 a 4500003000200000005001700002008004100019050002700060100002300087245011800110260009000228300005000318504004100368650004000409650004300449650003500492650004100527020250328123441.0071127s19uu xx 00 eng d aPHS LB 1049b.Y65 2007 aYokoyama, Aimee A. aStudy habits of Southville International School students and Fukugawa High School students /cAimee A. Yokoyama. aLas Piñas City, Philippines :bSouthville International School and Colleges,c2007. avarious pagination :billustrations ;c28 cm. aIncludes bibliographical references. aHigh school studentsxStudy habits. aEducationxCross-cultural comparisons. aStudentszJapanxStudy habits. aStudentszPhilippinesxStudy habits.